000 00414pab a2200157 454500
008 180718b2000 xxu||||| |||| 00| 0 eng d
100 _aChalam, Gopal
245 _aCyber laws, global e-Commerce and the cost accountants role
260 _c2000
300 _ap.685-88
362 _aSep
650 _aInformation technology
650 _aElectronic commerce
773 _aManagement Accountant
909 _a46101
999 _c46101
_d46101